[Event "Bad Woerishofen Seniors op 19th"]
[Site "Bad Woerishofen"]
[Date "2003.03.14"]
[Round "2"]
[White "Richter, Gerhard"]
[Black "Rueggeberg, Wilhelm"]
[Result "1-0"]
[WhiteElo "1828"]
[BlackElo "2106"]
[PlyCount "99"]
[EventDate "2003.03.13"]
[EventType "swiss"]
[EventRounds "9"]
[EventCountry "GER"]
[SourceTitle "EXT 2004"]
[Source "ChessBase"]
[SourceDate "2003.11.25"]
[SourceVersion "1"]
[SourceVersionDate "2003.11.25"]
[SourceQuality "1"]

1. e4 c5 2. Nf3 Nc6 3. Nc3 d6 4. d3 e6 5. g3 Nf6 6. Bg2 Bd7 7. 0-0 Rc8 8. Nd2 Ne5 9. f4 Ng6 10. a4 b6 11. Nc4 Bc6 12. f5 exf5 13. exf5 Bxg2 14. Kxg2 Ne5 15. Re1 Be7 16. Nxe5 dxe5 17. Rxe5 0-0 18. Bg5 Rc7 19. Qf3 h6 20. Bxf6 Bxf6 21. Re4 Bxc3 22. bxc3 Qf6 23. Ra3 Rd7 24. g4 Qd6 25. Qe2 Qc6 26. Kh3 Qf6 27. Re5 Kh7 28. Ra1 Rfd8 29. Qe4 Rc8 30. Re1 Qc6 31. Qxc6 Rxc6 32. Re7 Rcc7 33. Rxd7 Rxd7 34. Kg3 g5 35. Re4 Kg7 36. Kf3 Kf6 37. Ke3 Rc7 38. h3 Rc8 39. Kd2 Rd8 40. Kc1 h5 41. Kb2 h4 42. Kb3 Rd5 43. d4 Rd7 44. Kc4 Rc7 45. d5 a6 46. d6 Rc8 47. Kd5 b5 48. axb5 Rb8 49. d7 Rd8 50. Kc6 1-0